| 000 | 00772nam a2200253 a 4500 | ||
|---|---|---|---|
| 008 | |||
| 020 | _a0534011950 (cased) | ||
| 049 | _aMAIN | ||
| 090 | _aQA162 | ||
| 100 | 1 | _aHillman, Abraham P. | |
| 245 | 1 | 2 |
_aA first undergraduate course in abstract algebra / _cAbraham P. Hillman, Gerald L. Alexanderson. |
| 250 | _a3rd ed. | ||
| 260 |
_aBelmont, Calif. : _bWadsworth, _cc1983. |
||
| 300 |
_aix, 501 p. ; _c24 cm. |
||
| 504 | _aIncludes bibliographical references : p. 457-465. | ||
| 500 | _aIncludes index. | ||
| 650 | 0 | _aAlgebra, Abstract. | |
| 700 | 1 | _aAlexanderson, Gerald L. | |
| 907 |
_a.b10046343 _b10-01-04 _c17-04-03 |
||
| 003 | |||
| 005 | 20230123133433.0 | ||
| 040 | _cNUST | ||
| 942 |
_cBOOKS _kQA162 |
||
| 999 |
_c148575 _d148575 |
||